00246 a2200121 4500001000700000020001800007040001100025100001700036240003000053245002500083300000700108362000900115192588 a0-7214-1554-2 cMagnum aDaly, Audrey10aBeauty and the beastlING10aBeauty and the beast a240 a1993